000
00319nam a2200121Ia 4500
008
240624s9999 xx 000 0 und d
041
_a
eng
082
_a
158.5 COH
100
_a
COHEN HERB
245
_a
YOU CAN NEGOTIATE ANYTHING HOW TO GET WH
260
_a
Mumbai
_b
Jaico Publishing House
300
_a
192 : p. : cm. ; 18
999
_c
5380
_d
5380